Responses for Show #5649 - Thursday, March 12, 2009

2009 Tournament of Champions quarterfinal game 2.
From Las Vegas.

Contestants

[<< previous game]

Tom Morris, a substitute teacher and grad student from Irvine, California

Matt Kohlstedt, a grad student originally from La Grange, Illinois

Larissa Kelly, a grad student from El Cerrito, California

[next game >>]

Jeopardy! Round responses

LONDON LANDMARKS
STEVE WIN
TECHNO LUST
STATE FLAGS
THEY SHOULD HAVE PLAYED VEGAS
"BO"POURRI
    $200 19
Trafalgar Square

Larissa
    $200 12
The 40-Year-Old Virgin

Larissa
    $200 17
TiVo

Matt
    $200 6
a star

Larissa
    $200 11
Nero

Matt
    $200 1
Bo Peep

Matt
    $400 20
St. Paul's

Larissa
    $400 13
Steve Martin

Matt
    $400 18
(Tom: What is Yahoo!?)
[ERRATUM: Chrome's incognito mode does not actually permit anonymous surfing.]

Google

LarissaTom
    $400 7
a buffalo

Larissa
    $400 23
Blackbeard

Tom
    $400 2
Border Patrol

Matt
    $2,000 21
the Millennium Bridge

Larissa
    $600 14
Steve Garvey

Tom
    $600 28
single lens reflex

Tom
    $600 8
a torch

Larissa
    $600 24
(Matt: Who is Nat King Cole?)

Henry VIII

Matt
Triple Stumper
    $600 3
a Bohemian

Tom
    $800 22
Wembley Stadium

Tom
    $800 15
(Tom: Who is Stevie Wonder?)

(Steve) Winwood

MattTom
    $800 29
ActiveX

Triple Stumper
    $800 9
a pennant

Matt
    $800 25
Mata Hari

Larissa
    $800 4
(Matt: What is boron?)

boric acid

MattTom
    $1000 27
Royal Albert Hall

Matt
    $1000 16
Wozniak & Jobs

Matt
    $1000 30
Spore

Larissa
    $1000 10
New Mexico

Larissa
    $1000 26
Nefertiti

Matt
    $1000 5
the Bonus Army

Larissa

Scores at the first commercial break (after clue 15):

Larissa Matt Tom
$3,400 $2,000 $1,200

Scores at the end of the Jeopardy! Round:

Larissa Matt Tom
$8,200 $4,600 $2,600

Double Jeopardy! Round responses

LANDLOCKED UP
REMEMBER THESE OSCAR NOMINEES?
ALL ABOUT AUTHORS
SHOW BUSINESS
NATIVE AMERICAN TRIBES
BEGINS & ENDS WITH "E"
    $400 1
(Matt: What is Germany?)

(1 of) Austria (or Slovakia)

MattTom
    $400 6
The Remains of the Day

Larissa
    $400 11
(Margaret) Mitchell

Larissa
    $400 16
(Tom: Who is Apple?)

Disney

LarissaTom
    $400 24
the Sioux

Larissa
    $400 30
Eve

Tom
    $800 2
Nepal

Tom
    $800 7
Daniel Day-Lewis

Tom
    $800 12
Beatrix Potter

Larissa
    $800 17
DreamWorks

Tom
    $800 25
dreamcatchers

Tom
    $800 29
Étude

Larissa
    $1200 3
San Marino

Larissa
    $1200 8
The Thin Red Line

Larissa
    $1200 13
(Thomas) Hardy

Larissa
    $2,600 18
Warner Brothers

Tom
    $1200 26
(Matt: What is Massachusetts?)
(Tom: What is Connecticut?)
(Larissa: What is Rhode Island?)

Maine

LarissaMattTom
Triple Stumper
    $6,000 21
an emirate

Matt
    $1600 4
Ethiopia

Tom
    $1600 9
Il Postino

Matt
    $1600 14
(Franklin) Pierce

Larissa
    $1600 19
Viacom

Matt
    $1600 27
(Tom: Who are the... Cherokee?)

the Choctaw

Tom
Triple Stumper
    $1600 20
an epicure

Matt
    $2000 5
Paraguay

Larissa
    $2000 10
In the Bedroom

Larissa
    $2000 15
Edith Wharton

Larissa
    $2000 23
(Tom: What is NBC?)

GE

LarissaTom
    $2000 28
Oregon

Tom
    $2000 22
[Tom's response was initially ruled incorrect, but the ruling was reversed before Final Jeopardy!]

ephedrine (epinephrine accepted)

Tom

Scores at the end of the Double Jeopardy! Round:

Larissa Matt Tom
$23,400 $13,800 $9,600

Final Jeopardy! Round responses

FRENCH CLASSICAL MUSIC
TomWhat is I have no idea?
$0
MattWhat is Nutracker Suite?
$3,200
LarissaWhat is Bolero?
$3,000
Boléro (by Ravel)

Final scores:

Larissa Matt Tom
$26,400 $10,600 $9,600
Automatic semifinalist 2nd place: $5,000 if eliminated 3rd place: $5,000 if eliminated

Game dynamics:

Coryat scores:

Larissa Matt Tom
$22,000 $9,000 $8,200
26 R
(including 1 DD),
1 W
14 R
(including 1 DD),
4 W
16 R
(including 1 DD),
6 W

Combined Coryat: $39,200

[game clues] [game scores] [suggest correction]

Game tape date: 2009-01-08
The J! Archive is created by fans, for fans. Scraping, republication, monetization, and malicious use prohibited; this site may use cookies and collect identifying information. See terms. The Jeopardy! game show and all elements thereof, including but not limited to copyright and trademark thereto, are the property of Jeopardy Productions, Inc. and are protected under law. This website is not affiliated with, sponsored by, or operated by Jeopardy Productions, Inc. Join the discussion at JBoard.tv.